MARC details
| 000 -LEADER |
| fixed length control field |
04654cgm a2200961Ma 4500 |
| 001 - CONTROL NUMBER |
| control field |
on1037218809 |
| 003 - CONTROL NUMBER IDENTIFIER |
| control field |
OCoLC |
| 005 - DATE AND TIME OF LATEST TRANSACTION |
| control field |
20200828164336.0 |
| 007 - PHYSICAL DESCRIPTION FIXED FIELD--GENERAL INFORMATION |
| fixed length control field |
vd cvaizq |
| 008 - FIXED-LENGTH DATA ELEMENTS--GENERAL INFORMATION |
| fixed length control field |
060908s2006 cau154 g vleng d |
| 040 ## - CATALOGING SOURCE |
| Original cataloging agency |
FSP |
| Language of cataloging |
eng |
| Transcribing agency |
FSP |
| Modifying agency |
BRL |
| -- |
OCLCF |
| -- |
OCLCO |
| -- |
MLM |
| -- |
LKC |
| -- |
OCLCO |
| -- |
SDG |
| -- |
OCLCO |
| -- |
OCLCQ |
| -- |
OCLCO |
| -- |
WACOL |
| 020 ## - INTERNATIONAL STANDARD BOOK NUMBER |
| International Standard Book Number |
1419827170 |
| 020 ## - INTERNATIONAL STANDARD BOOK NUMBER |
| International Standard Book Number |
9781419827174 |
| 020 ## - INTERNATIONAL STANDARD BOOK NUMBER |
| International Standard Book Number |
1419827189 |
| 020 ## - INTERNATIONAL STANDARD BOOK NUMBER |
| International Standard Book Number |
9781419827181 |
| 024 1# - OTHER STANDARD IDENTIFIER |
| Standard number or code |
012569723511 |
| 024 1# - OTHER STANDARD IDENTIFIER |
| Standard number or code |
085391101826 |
| 028 42 - PUBLISHER NUMBER |
| Publisher number |
72351 |
| Source |
Warner Home Video |
| 035 ## - SYSTEM CONTROL NUMBER |
| System control number |
(OCoLC)1037218809 |
| 037 ## - SOURCE OF ACQUISITION |
| Source of stock number/acquisition |
Midwest Tape |
| Note |
http://www.midwesttapes.com |
| 041 1# - LANGUAGE CODE |
| Language code of text/sound track or separate title |
eng |
| -- |
spa |
| -- |
eng |
| -- |
fre |
| -- |
spa |
| Language code of original and/or intermediate translations of text |
eng |
| 050 14 - LIBRARY OF CONGRESS CALL NUMBER |
| Classification number |
PN1995.9.S77 |
| Item number |
S8747636 2006 |
| 060 #4 - NATIONAL LIBRARY OF MEDICINE CALL NUMBER |
| Classification number |
Sup |
| 082 14 - DEWEY DECIMAL CLASSIFICATION NUMBER |
| Classification number |
813.6 |
| 082 04 - DEWEY DECIMAL CLASSIFICATION NUMBER |
| Classification number |
813.6 |
| Item number |
SUP |
| 092 ## - LOCALLY ASSIGNED DEWEY CALL NUMBER (OCLC) |
| Classification number |
DVD |
| Item number |
Sup |
| 049 ## - LOCAL HOLDINGS (OCLC) |
| Holding library |
WACL |
| 245 00 - TITLE STATEMENT |
| Title |
Superman returns / |
| Statement of responsibility, etc |
Warner Bros. Pictures presents in association with Legendary Pictures in association with Bad Hat Harry ; produced by Gilbert Adler, Jon Peters, Bryan Singer ; story by Bryan Singer & Michael Dougherty & Dan Harris ; screenplay by Michael Dougherty & Dan Harris ; directed by Bryan Singer. |
| 264 #1 - Production, Publication, Distribution, Manufacture, and Copyright Notice. |
| Place of production, publication, distribution, manufacture |
Burbank, CA : |
| Name of producer, publisher, distributor, manufacturer |
Warner Home Video, |
| Date of production, publication, distribution, manufacture, or copyr |
[2006] |
| 264 #4 - Production, Publication, Distribution, Manufacture, and Copyright Notice. |
| Date of production, publication, distribution, manufacture, or copyr |
�2006 |
| 300 ## - PHYSICAL DESCRIPTION |
| Extent |
1 videodisc (154 min.) : |
| Other physical details |
sound, color ; |
| Dimensions |
4 3/4 in. |
| 336 ## - Content Type |
| Content type term |
two-dimensional moving image |
| 337 ## - Media type |
| Media type term |
video |
| 338 ## - Carrier type |
| Carrier type term |
videodisc |
| 538 ## - SYSTEM DETAILS NOTE |
| System details note |
DVD; region 1; dual-layer presentation. |
| 546 ## - LANGUAGE NOTE |
| Language note |
Closed-captioned; dialogue in English (Dolby Digital 5.1 surround) or Spanish (Dolby Digital 5.1 surround) with optional subtitles in English, French or Spanish. |
| 511 1# - PARTICIPANT OR PERFORMER NOTE |
| Participant or performer note |
Brandon Routh, Kate Bosworth, Kevin Spacey, James Marsden, Parker Posey, Frank Langella, Sam Huntington, Eva Marie Saint. |
| 508 ## - CREATION/PRODUCTION CREDITS NOTE |
| Creation/production credits note |
Director of photography, Newton Thomas Sigel ; editors, Elliot Graham, John Ottman ; theme music, John Williams ; music, John Ottman ; costume designer, Louise Mingenbach ; production designer, Guy Hendrix Dyas. |
| 500 ## - GENERAL NOTE |
| General note |
Based on the characters created by Jerry Siegel and Joe Shuster. |
| 521 8# - TARGET AUDIENCE NOTE |
| Target audience note |
MPAA rating: PG-13; for some intense action violence. |
| 520 ## - SUMMARY, ETC. |
| Summary, etc |
Following a mysterious absence of several years, the man of Steel returns to Earth. While archenemy Lex Luthor plots to render him powerless once and for all, Superman faces the realization that Lois Lane has moved on with her life. |
| 521 ## - TARGET AUDIENCE NOTE |
| Target audience note |
DVD |
| Source |
Donation |
| 600 10 - SUBJECT ADDED ENTRY--PERSONAL NAME |
| Personal name |
Lane, Lois |
| Titles and other words associated with a name |
(Fictitious character) |
| Form subdivision |
Drama. |
| 9 (RLIN) |
6370967 |
| 600 00 - SUBJECT ADDED ENTRY--PERSONAL NAME |
| Personal name |
Superman |
| Titles and other words associated with a name |
(Fictitious character) |
| Form subdivision |
Drama. |
| 9 (RLIN) |
5709024 |
| 650 #0 - SUBJECT ADDED ENTRY--TOPICAL TERM |
| Topical term or geographic name as entry element |
Enemies |
| Form subdivision |
Drama. |
| 9 (RLIN) |
5741551 |
| 650 #0 - SUBJECT ADDED ENTRY--TOPICAL TERM |
| Topical term or geographic name as entry element |
Man-woman relationships |
| Form subdivision |
Drama. |
| 9 (RLIN) |
5673977 |
| 650 #7 - SUBJECT ADDED ENTRY--TOPICAL TERM |
| Topical term or geographic name as entry element |
Enemigo |
| Form subdivision |
Teatro. |
| Source of heading or term |
bidex |
| 9 (RLIN) |
6370968 |
| 650 #7 - SUBJECT ADDED ENTRY--TOPICAL TERM |
| Topical term or geographic name as entry element |
Relaciones humanas |
| Form subdivision |
Teatro. |
| Source of heading or term |
bidex |
| 9 (RLIN) |
5735373 |
| 600 17 - SUBJECT ADDED ENTRY--PERSONAL NAME |
| Personal name |
Lane, Lois |
| Titles and other words associated with a name |
(Fictitious character) |
| Source of heading or term |
fast |
| -- |
(OCoLC)fst00992102 |
| 9 (RLIN) |
6370969 |
| 600 07 - SUBJECT ADDED ENTRY--PERSONAL NAME |
| Personal name |
Superman |
| Titles and other words associated with a name |
(Fictitious character) |
| Source of heading or term |
fast |
| -- |
(OCoLC)fst01138904 |
| 9 (RLIN) |
6370970 |
| 650 #7 - SUBJECT ADDED ENTRY--TOPICAL TERM |
| Topical term or geographic name as entry element |
Enemies. |
| Source of heading or term |
fast |
| -- |
(OCoLC)fst01735610 |
| 9 (RLIN) |
5760990 |
| 650 #7 - SUBJECT ADDED ENTRY--TOPICAL TERM |
| Topical term or geographic name as entry element |
Man-woman relationships. |
| Source of heading or term |
fast |
| -- |
(OCoLC)fst01007080 |
| 9 (RLIN) |
6370971 |
| 655 #7 - INDEX TERM--GENRE/FORM |
| Genre/form data or focus term |
Action and adventure films. |
| Source of term |
fast |
| -- |
(OCoLC)fst01710568 |
| 9 (RLIN) |
6370972 |
| 655 #7 - INDEX TERM--GENRE/FORM |
| Genre/form data or focus term |
Drama. |
| Source of term |
fast |
| -- |
(OCoLC)fst01423879 |
| 9 (RLIN) |
6370973 |
| 655 #7 - INDEX TERM--GENRE/FORM |
| Genre/form data or focus term |
Fantasy films. |
| Source of term |
fast |
| -- |
(OCoLC)fst01710304 |
| 9 (RLIN) |
6370974 |
| 655 #7 - INDEX TERM--GENRE/FORM |
| Genre/form data or focus term |
Feature films. |
| Source of term |
fast |
| -- |
(OCoLC)fst01710384 |
| 9 (RLIN) |
6370975 |
| 655 #7 - INDEX TERM--GENRE/FORM |
| Genre/form data or focus term |
Superhero films. |
| Source of term |
fast |
| -- |
(OCoLC)fst01710406 |
| 9 (RLIN) |
102758 |
| 655 #7 - INDEX TERM--GENRE/FORM |
| Genre/form data or focus term |
Video recordings for the hearing impaired. |
| Source of term |
fast |
| -- |
(OCoLC)fst01710450 |
| 9 (RLIN) |
6370976 |
| 655 #7 - INDEX TERM--GENRE/FORM |
| Genre/form data or focus term |
Feature films. |
| Source of term |
gsafd |
| 9 (RLIN) |
6370975 |
| 655 #7 - INDEX TERM--GENRE/FORM |
| Genre/form data or focus term |
Adventure films. |
| Source of term |
gsafd |
| 9 (RLIN) |
6370977 |
| 655 #7 - INDEX TERM--GENRE/FORM |
| Genre/form data or focus term |
Fantasy films. |
| Source of term |
gsafd |
| 9 (RLIN) |
6370974 |
| 655 #7 - INDEX TERM--GENRE/FORM |
| Genre/form data or focus term |
Feature films. |
| Source of term |
lcgft |
| 9 (RLIN) |
6370975 |
| 655 #7 - INDEX TERM--GENRE/FORM |
| Genre/form data or focus term |
Superhero films. |
| Source of term |
lcgft |
| 9 (RLIN) |
102758 |
| 655 #7 - INDEX TERM--GENRE/FORM |
| Genre/form data or focus term |
Action and adventure films. |
| Source of term |
lcgft |
| 9 (RLIN) |
6370972 |
| 655 #7 - INDEX TERM--GENRE/FORM |
| Genre/form data or focus term |
Fantasy films. |
| Source of term |
lcgft |
| 9 (RLIN) |
6370974 |
| 655 #7 - INDEX TERM--GENRE/FORM |
| Genre/form data or focus term |
Video recordings for the hearing impaired. |
| Source of term |
lcgft |
| 9 (RLIN) |
6370976 |
| 655 #7 - INDEX TERM--GENRE/FORM |
| Genre/form data or focus term |
Videodiscs. |
| Source of term |
lcgft |
| 9 (RLIN) |
5674338 |
| 655 #7 - INDEX TERM--GENRE/FORM |
| Genre/form data or focus term |
DVD-Video discs. |
| Source of term |
lcgft |
| 9 (RLIN) |
6370978 |
| 655 #7 - INDEX TERM--GENRE/FORM |
| Genre/form data or focus term |
Fantasy |
| Form subdivision |
Feature. |
| Source of term |
migfg |
| 9 (RLIN) |
5692408 |
| 700 1# - ADDED ENTRY--PERSONAL NAME |
| Personal name |
Routh, Brandon. |
| 9 (RLIN) |
73497 |
| 700 1# - ADDED ENTRY--PERSONAL NAME |
| Personal name |
Singer, Bryan. |
| 9 (RLIN) |
63758 |
| 700 1# - ADDED ENTRY--PERSONAL NAME |
| Personal name |
Bosworth, Kate, |
| Dates associated with a name |
1983- |
| 9 (RLIN) |
68872 |
| 700 1# - ADDED ENTRY--PERSONAL NAME |
| Personal name |
Spacey, Kevin. |
| 9 (RLIN) |
60523 |
| 700 1# - ADDED ENTRY--PERSONAL NAME |
| Personal name |
Marsden, James, |
| Dates associated with a name |
1973- |
| 9 (RLIN) |
65636 |
| 700 1# - ADDED ENTRY--PERSONAL NAME |
| Personal name |
Posey, Parker, |
| Dates associated with a name |
1968- |
| 9 (RLIN) |
76575 |
| 700 1# - ADDED ENTRY--PERSONAL NAME |
| Personal name |
Sigel, Newton Thomas. |
| 9 (RLIN) |
67338 |
| 700 1# - ADDED ENTRY--PERSONAL NAME |
| Personal name |
Williams, John, |
| Dates associated with a name |
1932- |
| 9 (RLIN) |
13533 |
| 700 1# - ADDED ENTRY--PERSONAL NAME |
| Personal name |
Ottman, John. |
| 9 (RLIN) |
66263 |
| 700 1# - ADDED ENTRY--PERSONAL NAME |
| Personal name |
Siegel, Jerry, |
| Dates associated with a name |
1914-1996. |
| 9 (RLIN) |
6370979 |
| 700 1# - ADDED ENTRY--PERSONAL NAME |
| Personal name |
Shuster, Joe, |
| Dates associated with a name |
1914-1992. |
| 9 (RLIN) |
5736938 |
| 710 2# - ADDED ENTRY--CORPORATE NAME |
| Corporate name or jurisdiction name as entry element |
Warner Home Video (Firm) |
| 9 (RLIN) |
61103 |
| 994 ## - |
| -- |
C0 |
| -- |
WACOL |